Olympialaisten maastohiihdon menestyneimmät valtiot - Statistics

Yleistilastot
  • Tätä visaa on pelattu 167 kertaa
  • Keskiarvotulos 9 / 10
Vastaustilastot
Kultaa Hopeaa Pronssia Valtio % Oikein
59 42 39 Norja
100%
37 31 26 Ruotsi
100%
22 27 38 Suomi
100%
18 17 17 Venäjä
99%
3 10 5 Saksa
ml. Länsi-Saksa
97%
9 14 15 Italia
86%
4 1 5 Sveitsi
86%
28 24 25 Neuvostoliitto
ml. Yhdistynyt joukkue
84%
4 2 1 Viro
62%
2 1 2 Puola
61%
Ehtoja vastaavia visoja ei löytynyt
Tulosjakauma
Jokaisen tuloksen saaneiden osuus
Persentiili vastausten määrän mukaan
Tuloshistoriasi
Et ole pelannut tätä visaa